000 00320nam a2200133Ia 4500
008 240624s9999 xx 000 0 und d
041 _aeng
082 _a005.133 HOR
100 _aHOROWITZ ELLIS
245 _aCOMPUTER ALGORITHMS C
260 _c2004
_aNew Delhi
_bGalgotia publication
300 _axxii, : 769
365 _cRS
999 _c98
_d98